|
|
|
|
| LEADER |
00000cam a2200000 7i4500 |
| 001 |
0000000264 |
| 005 |
20000727.0 |
| 020 |
0 |
0 |
|a 96789077041
|
| 090 |
0 |
0 |
|a 347.595052
|b MAL 1996
|
| 110 |
1 |
0 |
|a MALAYSIA
|
| 245 |
1 |
0 |
|a Akta Had Masa 1953 (Akta 254) :
|b (hingga 15hb Jun 1996)
|c di susun oleh Lembaga Penyelidikan Undang-Undang
|
| 260 |
0 |
0 |
|a Kuala Lumpur :
|b International Law Book Services ,
|c 1996
|
| 300 |
|
|
|a iii, 25 p. ;
|c 24 cm.
|
| 440 |
0 |
0 |
|a Undang-undang Malaysia
|
| 650 |
0 |
0 |
|a Limitation of actions
|x Law and legislation
|z Malaysia
|
| 999 |
|
|
|a 0000001416
|b Monograph
|c Open Shelf
|e Default branch
|